000 01570cam a2200337 a 4500
001 000014208
005 20200929163524.0
008 990521s2000 pe a f000 0 spa
020 _a9972755002 (set)
035 _a(DLC) 99208908
040 _aDO-SdBNP
_bspa
_cDLC
_dDLC
_dBNPHU
082 _a328.85
_bP252s
245 0 0 _aParlamento y sociedad en el Perú :
_bbases documentales, siglo XIX /
_cselección y estudio preliminar de Pablo Macera.
260 _aLima :
_bFondo editorial del Congreso del Perú,
_c2000.
300 _av. :
_bil. ;
_c21 cm.
505 0 _at. 1.t. 2. t. 3. t. 4. v. 5. v. 6. v. 7.v. 8.
_tGeografía política de la costa peruana --
505 0 _gt.2.
_tGeografía política de la sierra peruana --
505 0 _gt.3.
_tGeografía política de la Amazonia : colonizacíon y comunicaciones --
505 0 _gt.4.
_tGeografía política de la Amazonia : demarcación e informes socioeconómicos --
505 0 _gt.5.
_tGeografía política de la costa norte-centro-sur (1861-1899) --
505 0 _gt.6.
_tGeografía política de la sierra norte (1861-1899) --
505 0 _gt.7.
_tGeografía política de la sierra centro (1861-1899) --
505 0 _gt.8.
_tGeografía política de la sierra central (1861-1899).
590 _aLa biblioteca posee los volumenes: 5, 6, 7 y 8.
651 0 _aPerú
_xAdministrative And Political Divisions
_xHistory
_vSources.
_932095
610 1 0 _aPerú.
_bCongreso.
_932096
700 1 _aMacera, Pablo.
_932097
710 1 _aPeru.
_bCongreso.
_932098
910 _aCatalogación por copia / LC
049 _aBNGR
999 _c13808
_d13808